नैसर्गिक आपत्ती आणि व्यवस्थापन. (Record no. 787940)

MARC details
000 -LEADER
fixed length control field 00836nam a2200181Ia 4500
008 - FIXED-LENGTH DATA ELEMENTS--GENERAL INFORMATION
fixed length control field 100921s9999 xx 000 0 und d
082 ## - DEWEY DECIMAL CLASSIFICATION NUMBER
Item number 38827
Classification number 550 न 01
100 ## - MAIN ENTRY--PERSONAL NAME
Personal name पाटील आर.जी.
245 ## - TITLE STATEMENT
Title नैसर्गिक आपत्ती आणि व्यवस्थापन.
260 ## - PUBLICATION, DISTRIBUTION, ETC. (IMPRINT)
Name of publisher, distributor, etc साई प्रकाशन, पुणे.
Date of publication, distribution, etc 2001
300 ## - PHYSICAL DESCRIPTION
Extent 253
Other physical details जयेश एजन्सी,पुणे.
365 ## - TRADE PRICE
Price amount 150
520 ## - SUMMARY, ETC.
Summary, etc विज्ञान-भौमिक शास्त्रे.
630 ## - SUBJECT ADDED ENTRY--UNIFORM TITLE
Uniform title नैसर्गिक आपत्ती आणि व्यवस्थापन.
650 ## - SUBJECT ADDED ENTRY--TOPICAL TERM
Topical term or geographic name as entry element विज्ञान-भौमिक शास्त्रे.
730 ## - ADDED ENTRY--UNIFORM TITLE
Uniform title नैसर्गिक आपत्ती आणि व्यवस्थापन.
942 ## - ADDED ENTRY ELEMENTS (KOHA)
Koha item type Book
Holdings
Withdrawn status Lost status Damaged status Not for loan Home library Current library Shelving location Date acquired Cost, normal purchase price Total Checkouts Barcode Date last seen Price effective from Koha item type Public note
        Lo. Tilak Granthasangrahalaya, Wai Lo. Tilak Granthasangrahalaya, Wai     150.00   WAITILAKGS-38827 09/21/2010 09/21/2010 Book देवघेव